书目信息 |
| 题名: |
植物生理学
|
|
| 作者: | 武维华 主编 | |
| 分册: | ||
| 出版信息: | 北京 科学出版社 2003 |
|
| 页数: | 19,506页 | |
| 开本: | 26cm | |
| 丛书名: | ||
| 单 册: | ||
| 中图分类: | Q945 | |
| 科图分类: | ||
| 主题词: | 植物生理学--高等学校 | |
| 电子资源: | ||
| ISBN: | 7-03-011089-7 | |
| 000 | 00835nam0 2200229 45 | |
| 001 | 002354517 | |
| 005 | 20050906145321.81 | |
| 010 | @a7-03-011089-7@dCNY50.00 | |
| 100 | @a20030421d2003 em y0chiy0110 ea | |
| 101 | 0 | @achi |
| 102 | @aCN@b110000 | |
| 105 | @aa z 000yy | |
| 200 | 1 | @a植物生理学@Azhi wu sheng li xue@f武维华主编@FWu Wei Hua Zhu Bian |
| 210 | @a北京@c科学出版社@d2003 | |
| 215 | @a19,506页@c彩图@d26cm | |
| 300 | @a面向21世纪课程教材 | |
| 330 | @a本书全面阐述了植物生理学的基本概念、基础知识以及本学科的前沿进展,以及将实验技术方法与理论内容有机结合。全书共分为五大部分:“植物细胞、水分与矿质营养”、“植物体内的物质代谢及能量转换”、“植物的生长发育”等21章。 | |
| 606 | 0 | @a植物生理学@x高等学校 |
| 690 | @aQ945@v4 | |
| 701 | 0 | @a武维华@4主编 |
| 801 | 0 | @aCN@bNLC@c20050906 |
| 905 | @f5@b347406-410@dQ945@e97 | |
| 植物生理学/武维华主编.-北京:科学出版社,2003 |
| 19,506页:彩图;26cm |
| 面向21世纪课程教材 |
| ISBN 7-03-011089-7:CNY50.00 |
| 本书全面阐述了植物生理学的基本概念、基础知识以及本学科的前沿进展,以及将实验技术方法与理论内容有机结合。全书共分为五大部分:“植物细胞、水分与矿质营养”、“植物体内的物质代谢及能量转换”、“植物的生长发育”等21章。 |
| ● |
| 相关链接 |
|
|
|
|
正题名:植物生理学
索取号:Q945/97
 
预约/预借
| 序号 | 登录号 | 条形码 | 馆藏地/架位号 | 状态 | 备注 |
| 1 | 0347406 | 203474061 | 第二样本阅览室/ [索取号:Q945/97] | 在馆 | |
| 2 | 0347407 | 203474070 | 第三借阅区/ [索取号:Q945/97] | 在馆 | |
| 3 | 0347408 | 203474089 | 密集书库/ [索取号:Q945/97] | 在馆 | |
| 4 | 0347409 | 203474098 | 第三借阅区/ [索取号:Q945/97] | 在馆 | |
| 5 | 0347410 | 203474105 | 密集书库/ [索取号:Q945/97] | 在馆 | |
| 6 | 0359789 | 3597897 | 密集书库/ [索取号:Q945/97] | 在馆 | |
| 7 | 0359790 | 3597904 | 第三借阅区/ [索取号:Q945/97] | 在馆 | |
| 8 | 0359791 | 3597913 | 第三借阅区/ [索取号:Q945/97] | 在馆 | |
| 9 | 0359792 | 3597922 | 密集书库/ [索取号:Q945/97] | 在馆 | |
| 10 | 0359793 | 3597931 | 第三借阅区/ [索取号:Q945/97] | 在馆 |